La forja de una raza: El Cid Campeador, Cortés, Bolivar, San Martín
Gespeichert in:
| 1. Verfasser: | |
|---|---|
| Format: | Buch |
| Sprache: | Spanisch |
| Veröffentlicht: |
Buenos Aires
Librería Hachette S. A
1954
|
| Schlagworte: | |
| Tags: |
Tag hinzufügen
Keine Tags, Fügen Sie den ersten Tag hinzu!
|
MARC
| LEADER | 00000cam a2200000 a 4500 | ||
|---|---|---|---|
| 001 | UCF6004 | ||
| 003 | CL-VaPUC | ||
| 008 | 130404e19540000AG |||||||||||||||||spa|d | ||
| 082 | 0 | 4 | |a 860.6 |b QUI |2 21 |
| 100 | 0 | |a Quiroga, Carlos Buenaventura |e author |9 568040 | |
| 245 | 1 | 3 | |a La forja de una raza: El Cid Campeador, Cortés, Bolivar, San Martín |
| 300 | |a 585 p | ||
| 942 | |c BK | ||
| 945 | |d 20130404 00:00:00 |a dcastane | ||
| 260 | |a Buenos Aires |b Librería Hachette S. A |c 1954 | ||
| 650 | 0 | |a Literatura hispanoamericana |9 269097 | |
| 650 | 0 | |a Novelas históricas |9 342315 | |
| 583 | |a last modification |c 20130404 09:53:00 |k Rodrigo Vera | ||
| 999 | |c 351385 |d 351383 | ||
| 952 | |0 0 |1 0 |4 0 |6 860_600000000000000_QUI_1954 |7 0 |8 A |9 455435 |a BIBHIS |b BIBHIS |d 2019-11-22 |i 4960742 |o 860.6 QUI 1954 |p 4960742 |r 2025-01-20 |w 2019-11-22 |y BK |k HIS | ||